| 000 | 00739nam a2200229Ii 4500 | ||
|---|---|---|---|
| 003 | JO-AjNU | ||
| 008 | 230605s9999||||xx |||||||||||||| ||und|| | ||
| 017 | _a2012-362 | ||
| 020 | _a978-9959-808-34-9 | ||
| 040 |
_aJO-AjNU _bara _erda _cJO-AjNU |
||
| 041 | _aara | ||
| 050 | 1 | 4 | _aQA76.73 2012 |
| 100 | 3 |
_aابو العزم، ايهاب, _eauthor _944543 |
|
| 245 | 0 | 0 | _aفيجوال بيسك دوت نت 2012 Microsoft Visual Basic.net |
| 264 | 3 | 1 | _aليبيا:دار الحكمة للطباعة ، 2010 |
| 300 | _a132ص | ||
| 336 |
_atext _btxt _2rdacontent |
||
| 337 |
_aunmediated _bn _2rdamedia |
||
| 338 |
_avolume _bnc _2rdacarrier |
||
| 490 | 0 | _aالمدخل السريع | |
| 650 | 4 |
_aبيسك - لغة البرمجة _944544 |
|
| 999 |
_aA19241 _c22809 _d22809 |
||